Environmental medicine - hygiene

Podrobná bibliografia
Hlavný autor: Rimárová, Kvetoslava, 1958- (Autor)
Médium: Kniha
Jazyk:angličtina
Fyzický popis:148 s. grafy, tab. 30 cm
Vydavateľské údaje: V Košiciach Univerzita Pavla Jozefa Šafárika 2006
ISBN:8070976462 (brož.)
Vydanie:1. vyd.
Edícia:Vysokoškolské učebné texty
Predmet:

MARC

LEADER 00000nam a2200000 a 4500
001 vtls009183049
003 SK-MaSNL
005 20260301125310.0
008 160610s2006 xo dl d p 000 0 eng
015 |a SNBA2008/08-03389 
020 |a 8070976462 (brož.) 
035 |a 9AC354FD-83C6-48D7-8183-85E3CA538E1B 
035 |a urn:nbn:sk:snk-amktex 
035 |a urn:nbn:sk:snk-am005655 
040 |a SNK  |b slo  |c SNK  |e AACR2 
041 0 |a eng 
044 |a xo  |c SK 
072 7 |a 614  |x Verejné zdravie a hygiena  |2 konspekt 
072 7 |a 37.016  |x Učebné osnovy. Vyučovacie predmety. Učebnice  |2 konspekt 
080 |a 614.7  |2 2001 
080 |a (075.8)  |2 2001 
100 1 |a Rimárová, Kvetoslava,  |d 1958-  |4 aut  |9 237687 
245 1 0 |a Environmental medicine - hygiene  |c Kvetoslava Rimárová 
250 |a 1. vyd. 
260 |a V Košiciach  |b Univerzita Pavla Jozefa Šafárika  |c 2006 
300 |a 148 s.  |b grafy, tab.  |c 30 cm 
366 |e 300 výt. 
490 1 |a Vysokoškolské učebné texty 
504 |a Bibliogr. s. 147-148 
650 0 7 |a environmentálna hygiena  |2 SNKPH  |9 67879 
655 7 |a učebnice vysokých škôl  |2 SNKPH  |9 70191 
810 2 |a Univerzita Pavla Jozefa Šafárika v Košiciach.  |b Lekárska fakulta  |t Vysokoškolské učebné texty  |9 276777 
919 |a 80-7097-646-2 
958 |a OND 
958 |a NB 
958 |a MI 
968 |d 61 
999 |c 742031  |d 743961 
952 |a SNK  |b SNK  |y PREZ  |7 0  |p 17A0578143  |o snkSB 75667  |i snk2008/3365  |8 0  |0 0  |1 0  |4 0  |d 2008-02-11  |f 1  |l 0  |r 2025-04-28 00:00:00  |w 2026-02-23 
952 |a SNK  |b SNK  |y VYP  |7 0  |p 17A0578142  |o snkSB 75667 D1  |i snk2008/3366  |8 0  |0 0  |1 0  |4 0  |d 2008-02-11  |l 0  |r 2016-06-30 00:00:00  |w 2026-02-23